| 000 | 00673nam a22001817a 4500 | ||
|---|---|---|---|
| 003 | NUST | ||
| 005 | 20260217145132.0 | ||
| 008 | 260217b ||||| |||| 00| 0 eng d | ||
| 020 | _a978-0323956086 | ||
| 082 |
_a622.1 _bAMI |
||
| 100 |
_a Amin Beiranvand Pour, Mohammad Parsa, Ahmed M Eldosouky. _9133304 |
||
| 245 |
_aGeospatial Analysis Applied to Mineral Exploration / _bRemote Sensing, GIS, Geochemical, and Geophysical Applications to Mineral Resources / _c Amin Beiranvand Pour, Mohammad Parsa, Ahmed M Eldosouky. |
||
| 250 | _a1st Edition | ||
| 260 |
_aNetherland: _bElsevier, _c2023. |
||
| 300 |
_axiv, 294 p ; _c32.1 cm |
||
| 563 | _aHardcover | ||
| 942 |
_2ddc _cBK |
||
| 999 |
_c616279 _d616279 |
||